Skúsenosti z prevádzky automatizovaného technologického pracoviska v oblúkovom zváraní s robotom PR 32-E

Bibliographic Details
Main Authors: Grutka, Emil, 1932-1995 (Author), Neustadt, Gabriel (Author)
Format: Article
Language:Slovak
PhysicalDescription:Obr. 4. Sch. 5., lit. 4 zázn. v slov., ruš.
Subjects:

MARC

LEADER 00000nab a2200000 a 4500
001 vtls000220515
003 SK-MaSNL
005 20260304065441.0
008 250422c1985 xo 0 slo
015 |a SNBRB19rr/mm-uuuuu 
035 |a CL0230629 
035 |a urn:nbn:sk:snk-ab6oyl 
035 |a (uuid)f0312b5f-73e7-4464-b219-56ef1f82d796 
035 |a (urnnbn)urn:nbn:sk:snk:ar-005pnb 
035 |a (sysno)vtls000220515 
040 |a SNKBUCL  |b slo  |c SNKBUCL  |e AACR2 
041 0 |a slo 
044 |a xo  |c SK 
080 |a 621.791.75.03-52  |2 1981 
080 |a 629.114.4.011.1  |2 1981 
100 1 |a Grutka, Emil,  |d 1932-1995  |4 aut  |9 229893 
245 1 0 |a Skúsenosti z prevádzky automatizovaného technologického pracoviska v oblúkovom zváraní s robotom PR 32-E  |c Emil Grutka, Gabriel Neustadt 
300 |b Obr. 4. Sch. 5., lit. 4 zázn. v slov., ruš. 
650 0 7 |a nákladné podvozky  |2 snkbucl  |9 1247434 
650 0 7 |a zváranie elektrickým oblúkom  |2 snkbucl  |9 82005 
650 0 7 |a priemyselné roboty  |2 snkbucl  |9 31851 
655 7 |a články z novín a časopisov  |2 snkbucl  |9 267496 
700 1 |a Neustadt, Gabriel  |4 aut  |9 809893 
773 0 |t Zváranie  |g Roč. 34, č. 6 (1985), s. 180-184 
850 |a Slovenská národná knižnica 
852 |a Slovenská národná knižnica 
954 |a odborná, vedecká literatúra pôvodná (slovenská)  |2 lita 
958 |a article 
958 |a OND 
958 |a RK 
958 |a EUIPO 
992 |a RBX 
999 |c 2750849  |d 2752779